| 000 | 00791nam a2200253Ia 4500 | ||
|---|---|---|---|
| 003 | OSt | ||
| 005 | 20250612121533.0 | ||
| 008 | 191128s2000 ck er 000 f spa d | ||
| 020 | _a9588109035 | ||
| 040 |
_aCO-JMCR _cCO-JMCR |
||
| 041 | 0 | _aspa | |
| 082 | 0 | 4 |
_aJ-N _2TORc |
| 100 | 1 |
_aTorres, Miguel, _eautor _9698 |
|
| 245 | 1 | 0 |
_aCerco de amor / _cMiguel Torres |
| 250 | _aPrimera edición | ||
| 260 |
_aBogotá : _bAlcaldía Mayor de Bogotá, _c2000 |
||
| 300 |
_a286 páginas ; _c23 cm. |
||
| 500 | _aIncluye datos biográficos del autor en solapa. | ||
| 586 | _aGanador premio único Concurso Internacional de Novela Fantástica de 1999. | ||
| 650 | 1 | 4 |
_aNovela colombiana _91473 |
| 650 | 1 | 4 |
_aAsesinato _xnovela _91474 |
| 650 | 1 | 4 |
_aLiteratura colombiana _91475 |
| 942 |
_2ddc _cBK |
||
| 999 |
_c3545 _d3545 |
||